| 000 | 00813nam a2200277Ia 4500 | ||
|---|---|---|---|
| 001 | Para_5120 | ||
| 003 | CHAP | ||
| 008 | 220125s1940 xx 000 0 und d | ||
| 010 | _a203549 | ||
| 040 | _cCHAP | ||
| 090 | _aPA FOLLETO 2461 | ||
| 100 |
_aGould, Geo. E _9169400 |
||
| 245 |
_aThe biology of six species of cockroaches which inhabit buildings / _c Geo. E. Gould and H. O. Deay |
||
| 260 |
_aWest Lafayette, Indiana : _b Agricultural Experiment Station |
||
| 300 | _a31 p. | ||
| 440 |
_aIndiana Agri. Exp. Sta. Bull; 451 _9169401 |
||
| 650 |
_aCucarachas _929990 |
||
| 700 |
_aDeay, H. O. _931453 |
||
| 901 | _aPA FOLLETO 2461 | ||
| 902 | _aA | ||
| 905 | _a0000001940 WES 0000000000 00 | ||
| 910 | _a1940 | ||
| 942 | _cPARA | ||
| 942 |
_cPARA _d1 |
||
| 999 |
_c203549 _d203549 |
||